WWE - Name a Valid Answer #1 - Statistics

General Stats
  • This quiz has been taken 1,644 times
    1,053 since last reset
  • The average score is 13 of 15
Answer Stats
Name a wrestler that ... Valid answer(s) % Correct
has held the WWE Championship 7 times or more Brock Lesnar | John Cena | Randy Orton | The Rock | Triple H
99%
has wrestled in a Hell in a Cell match 5 times or more CM Punk | Randy Orton | Roman Reigns | Seth Rollins | The Undertaker | Triple H
97%
has won any version of a WWE Tag Team Championship with Rey Mysterio Batista | Dominik Mysterio | Eddie Guerrero | Edge | Rob Van Dam
95%
has eliminated 10 or more wrestlers in a single Royal Rumble match Braun Strowman | Brock Lesnar | Hulk Hogan | Kane | Roman Reigns | Stone Cold Steve Austin
92%
held the Universal Championship between 2016 and 2020 Bray Wyatt | Brock Lesnar | Goldberg | Finn Balor | Kevin Owens | Roman Reigns | Seth Rollins
91%
has won the Royal Rumble match 3 times or more Stone Cold Steve Austin
91%
has beaten Goldberg in a WWE match Batista | Bobby Lashley | Braun Strowman | Brock Lesnar | Drew McIntyre | Randy Orton | Roman Reigns | The Undertaker | Triple H
89%
has been a female entrant into the men's Royal Rumble match Beth Phoenix | Chyna | Kharma | Nia Jax
89%
has competed in 15 or more Royal Rumble matches Dolph Ziggler | Kane | Kofi Kingston | The Miz | Randy Orton | Rey Mysterio
88%
held the original version of the Undisputed Championship (defended in 2001 & 2002) Brock Lesnar | Chris Jericho | Hulk Hogan | The Rock | The Undertaker | Triple H
86%
was eliminated from a Royal Rumble match in 3 seconds or less JD McDonagh | Mo | Mike Kanellis | No Way Jose | Owen Hart | Santino Marella | Sheamus | The Warlord
86%
has won any version of a WWE Tag Team Championship with The Miz Damien Mizdow | John Cena | John Morrison | Shane McMahon | The Big Show
85%
has held the Intercontinental Championship 6 times or more Chris Jericho | Dolph Ziggler | Jeff Jarrett | The Miz | Rob Van Dam
84%
has cashed in a Money in the Bank contract and not won the title match Austin Theory | Baron Corbin | Braun Strowman | Damien Sandow | Drew McIntyre | John Cena
83%
has held both the Intercontinental Championship and the United States Championship 3 times or more Chris Benoit | Jeff Jarrett | Kofi Kingston
56%
No matching quizzes found
Score Distribution
Percent of People with Each Score
Percentile by Number Answered
Your Score History
You have not taken this quiz since the last reset